000
00199 a2200097 4500
001
29824
100
_a
Kirstein
245
_a
space charge flow
260
_a
_b
McGraw-Hill
_c
090
_c
19840
_d
19840
942
_a
NUST-CAE
_c
M
_c
10936
999
_c
264897
_d
264897